000 00692nam a2200289Ia 4500
005 20260324140147.0
008 008 260324s9999 xx 000 0 eng d
020 _a9780203208816
037 _aEBOOK
040 _aCRL
040 _beng
040 _cCRL
041 _2eng
041 _aeng
084 _qCRL
100 _aPedro Paulo A. Funari; Martin Hall; Sian Jones
_91203359
245 0 _aHistorical Archaeology
245 0 _bBack from the Edge
260 _bTaylor and Francis
260 _c1999
365 _a
365 _b290
856 _uhttp://www.taylorfrancis.com/books/9780203208816
942 _cEBOOK
999 _c1805120
_d1805120